Gaming Quiz

Random Gaming Quiz
Score 0/30 Timer 05:00
0 Plays Today
Команда Никнейм % Correct
Gambit Gaming - Columbus 2016Adren
83.7%
Gambit Gaming - Columbus 2016Dosia
70.7%
AVANGAR - Boston 2018, Katowice 2019Jame
69.1%
Gambit Gaming - Columbus 2016mou
68.3%
AVANGAR - Boston 2018, Katowice 2019buster
65.9%
HellRaisers - London 2018ANGE1
60.2%
AVANGAR - Boston 2018, Katowice 2019Qikert
57.7%
HellRaisers - London 2018woxic
55.3%
Vega Squadron - Atlanta 2017, Kraków 2017mir
52.8%
FLuffy Gangsters - Cologne 2016, Vega Squadron - Atlanta 2017, Kraków 2017chopper
52%
forZe - Berlin 2019almazer
50.4%
forZe - Berlin 2019FL1T
49.6%
HellRaisers - London 2018bondik
48.8%
forZe - Berlin 2019xsepower
48.8%
Vega Squadron - Atlanta 2017, Kraków 2017jR
48%
Команда Никнейм % Correct
HellRaisers - London 2018ISSAA
43.9%
forZe - Berlin 2019Jerry
43.9%
forZe - Berlin 2019facecrack
41.5%
HellRaisers - London 2018DeadFox
39.8%
Gambit Gaming - Columbus 2016wayLander
38.2%
AVANGAR - Boston 2018, Katowice 2019Krizzen
37.4%
Gambit Gaming - Columbus 2016hooch
35%
AVANGAR - Katowice 2019fitch
30.9%
Vega Squadron - Atlanta 2017, Kraków 2017Keshandr
29.3%
Vega Squadron - Atlanta 2017, Kraków 2017hutji
27.6%
AVANGAR - Boston 2018dimasick
23.6%
FLuffy Gangsters - Cologne 2016liTTle
22%
FLuffy Gangsters - Cologne 2016roman
6.5%
FLuffy Gangsters - Cologne 2016El Patron
5.7%
FLuffy Gangsters - Cologne 2016ROBO
5.7%
Remove Ads.
Support Sporcle.
Get the best of Sporcle when you Go Orange. This ad-free experience offers more features, more stats, and more fun while also helping to support Sporcle. Thank you for becoming a member.

You're not logged in!

Compare scores with friends on all Sporcle quizzes.
OR
Log In

Sporcle TV

Today on Sporcle TV


Watch our educational content, quiz creation guides, and fun videos on Sporcle TV.

Show Comments

Extras

Created Jun 23, 2020ReportNominate
Tags:cis, Counter-Strike

Top Quizzes Today


Score Distribution

Paid Content

Your Account Isn't Verified!

In order to create a playlist on Sporcle, you need to verify the email address you used during registration. Go to your Sporcle Settings to finish the process.

Report this User

Report this user for behavior that violates our Community Guidelines.

Details: